Normal view
MARC view
Entry Personal Name
001 - CONTROL NUMBER
- control field: 79182
003 - CONTROL NUMBER IDENTIFIER
- control field: dpl
005 - DATE AND TIME OF LATEST TRANSACTION
- control field: 20250303163856.0
008 - FIXED-LENGTH DATA ELEMENTS
- fixed length control field: 250303|| aca||aabn | a|a d
040 ## - CATALOGING SOURCE
- Original cataloging agency: dpl
- Transcribing agency: dpl
100 ## - HEADING--PERSONAL NAME
- Personal name: विक्रमजीत सर
670 ## - SOURCE DATA FOUND
- Source citation: Work cat.: (dpl)210032: विक्रमजीत सर, रीजनिंग गुरु 2.0:, 2025
